ბათუმის შოთა რუსთაველის სახელმწიფო უნივერსიტეტის ბიბლიოთეკა

მოამბე. ტ. 4; ნაკვ. 1. აკად. ნ. მარის სახელობის ენის, ისტორიისა და მატერიალური კულტურის ინსტიტუტი (ბიბ.ჩანაწერი № 51112)

000 -LEADER
fixed length control field 01115nam a2200205Ia 4500
001 - CONTROL NUMBER
control field 18069
003 - CONTROL NUMBER IDENTIFIER
control field GE_BSU
008 - FIXED-LENGTH DATA ELEMENTS--GENERAL INFORMATION
fixed length control field 181216s||||||||xx |||||||||||||| ||und||
040 ## - CATALOGING SOURCE
Transcribing agency GE_BSU
080 ## - UNIVERSAL DECIMAL CLASSIFICATION NUMBER
Universal Decimal Classification number 811.353.1(058)
245 ## - TITLE STATEMENT
Title მოამბე. ტ. 4; ნაკვ. 1. აკად. ნ. მარის სახელობის ენის, ისტორიისა და მატერიალური კულტურის ინსტიტუტი
245 ## - TITLE STATEMENT
Remainder of title Известия Института языка, истории и материальной культуры им. акад. Н.Я.Марра;
245 ## - TITLE STATEMENT
Statement of responsibility, etc. რედაქტორი სიმონ ჯანაშია.
250 ## - EDITION STATEMENT
Edition statement სსრკ მეცნიერებათა აკადემიის საქართველოს ფილიალი
260 ## - PUBLICATION, DISTRIBUTION, ETC.
Place of publication, distribution, etc. ტბილისი
260 ## - PUBLICATION, DISTRIBUTION, ETC.
Name of publisher, distributor, etc. სსრკ მეცნიერებათა აკადემიის საქართველოს ფილიალი
260 ## - PUBLICATION, DISTRIBUTION, ETC.
Date of publication, distribution, etc. 1938
300 ## - PHYSICAL DESCRIPTION
Extent 71 გვ.25სმ.
942 ## - ADDED ENTRY ELEMENTS (KOHA)
Koha item type წიგნი
ეგზემპლარები
Withdrawn status Lost status Damaged status Not for loan Date acquired Barcode Date last seen Price effective from Koha item type
        2018-12-17 46068 2018-12-17 2018-12-17 წიგნი